Cuentos completos / (Record no. 18167)
[ view plain ]
| 000 -CABECERA | |
|---|---|
| campo de control de longitud fija | 00895nam a2200241 a 4500 |
| 001 - NÚMERO DE CONTROL | |
| campo de control | 000018647 |
| 005 - FECHA Y HORA DE LA ÚLTIMA TRANSACCIÓN | |
| campo de control | 20200929165832.0 |
| 008 - DATOS DE LONGITUD FIJA--INFORMACIÓN GENERAL | |
| campo de control de longitud fija | 100512s2000 nq 000 j spa d |
| 020 ## - NÚMERO INTERNACIONAL ESTÁNDAR DEL LIBRO | |
| Número Internacional Estándar del Libro | 9992430133 |
| 040 ## - FUENTE DE LA CATALOGACIÓN | |
| Centro catalogador/agencia de origen | DO-SdBNP |
| Lengua de catalogación | spa |
| Centro/agencia transcriptor | BNPHU |
| 082 ## - NÚMERO DE LA CLASIFICACIÓN DECIMAL DEWEY | |
| Número de clasificación | N863.3 |
| Número de documento/Ítem | D218cu |
| 049 ## - FONDOS LOCALES (OCLC) | |
| Fondos de biblioteca | BNGR |
| 100 1# - ENTRADA PRINCIPAL--NOMBRE DE PERSONA | |
| Nombre de persona | Darío, Rubén, |
| Fechas asociadas al nombre | 1867-1916 |
| 9 (RLIN) | 15535 |
| 245 10 - MENCIÓN DE TÍTULO | |
| Título | Cuentos completos / |
| Mención de responsabilidad, etc. | Rubén Darío ; compilación, edición y notas de Ernesto Mejía Sánchez ; estudio preliminar de Raimundo Lida ; adiciones y notas a esta edición de Julio Valle-Castillo. |
| 260 ## - PUBLICACIÓN, DISTRIBUCIÓN, ETC. | |
| Lugar de publicación, distribución, etc. | Managua : |
| Nombre del editor, distribuidor, etc. | Instituto Nicaragüense de Cultura, |
| Fecha de publicación, distribución, etc. | 2000. |
| 300 ## - DESCRIPCIÓN FÍSICA | |
| Extensión | 388 p. : |
| Otras características físicas | il. ; |
| Dimensiones | 21 cm. |
| 650 #4 - PUNTO DE ACCESO ADICIONAL DE MATERIA--TÉRMINO DE MATERIA | |
| Término de materia o nombre geográfico como elemento de entrada | Cuentos nicaragüenses |
| 9 (RLIN) | 9879 |
| 650 #4 - PUNTO DE ACCESO ADICIONAL DE MATERIA--TÉRMINO DE MATERIA | |
| Término de materia o nombre geográfico como elemento de entrada | Literatura nicaragüense |
| 9 (RLIN) | 8122 |
| 700 1# - PUNTO DE ACCESO ADICIONAL--NOMBRE DE PERSONA | |
| Nombre de persona | Mejía Sánchez, Ernesto, |
| Término indicativo de función/relación | ed. |
| 9 (RLIN) | 21268 |
| 700 1# - PUNTO DE ACCESO ADICIONAL--NOMBRE DE PERSONA | |
| Nombre de persona | Lida, Raimundo, |
| 9 (RLIN) | 40287 |
| 700 1# - PUNTO DE ACCESO ADICIONAL--NOMBRE DE PERSONA | |
| Nombre de persona | Valle-Castillo, Julio, |
| 9 (RLIN) | 22770 |
| 910 ## - DATOS DE OPCIÓN DEL USUARIO (OCLC) | |
| Datos de opción del usuario | WM |
| Estado de retiro | Estado de pérdida | Restricciones de uso | No para préstamo | Código de colección | Localización permanente | Ubicación/localización actual | Ubicación en estantería | Fecha de adquisición | Número de inventario | Total de préstamos | Signatura topográfica completa | Código de barras | Fecha visto por última vez | Precio válido a partir de | Tipo de ítem Koha | Número de copia |
|---|---|---|---|---|---|---|---|---|---|---|---|---|---|---|---|---|
| Monografías: Libros y Folletos | General | General | Depósito | 12.05.2010 | LF1 | N863.3 D218cu | 18647-10 | 25.06.2020 | 25.06.2020 | Préstamo en sala | ||||||
| Préstamo restrigido | Monografías: Libros y Folletos | General | General | Depósito | 12.05.2010 | LF1 | N863.3 D218cu | 18647-20 | 25.06.2020 | 25.06.2020 | Préstamo en sala | e. 2 |
